[Event "Nuremberg Zabo op 20th"]
[Site "Nuremberg"]
[Date "2018.09.19"]
[Round "5"]
[White "Burger, Kim"]
[Black "Margraf, Dieter"]
[Result "0-1"]
[WhiteElo "1283"]
[BlackElo "1371"]
[PlyCount "91"]
[EventDate "2018.09.15"]
[EventType "swiss"]
[EventRounds "5"]
[EventCountry "GER"]
[SourceTitle "EXT 2020"]
[Source "ChessBase"]
[SourceDate "2019.10.17"]
[SourceVersion "1"]
[SourceVersionDate "2019.10.17"]
[SourceQuality "1"]

1. d4 d5 2. Nf3 Bf5 3. Bf4 e6 4. Nc3 Bd6 5. Bxd6 cxd6 6. e3 Nf6 7. Bd3 Bxd3 8. Qxd3 0-0 9. Ng5 h6 10. Nf3 a6 11. 0-0 Nc6 12. a3 b5 13. e4 dxe4 14. Nxe4 Nxe4 15. Qxe4 d5 16. Qe3 Qd6 17. b4 a5 18. bxa5 Nxa5 19. Qc3 Rfc8 20. Qb4 Qxb4 21. axb4 Nc4 22. Ne5 Nxe5 23. Rxa8 Rxa8 24. dxe5 Rc8 25. Rc1 Rc4 26. c3 d4 27. Kf1 dxc3 28. Ke2 Rxb4 29. Rxc3 Rb2+ 30. Ke1 b4 31. Rc8+ Kh7 32. Rb8 b3 33. Kd1 Rxf2 34. Rxb3 Rxg2 35. h3 Rg5 36. Re3 Rf5 37. Ke2 g5 38. Kd3 Kg6 39. Re4 Rf3+ 40. Re3 Rxe3+ 41. Kxe3 Kf5 42. Kf3 Kxe5 43. Kg4 f5+ 44. Kh5 f4 45. Kxh6 f3 46. Kxg5 0-1

[Event "Nuremberg Zabo op 20th"]
[Site "Nuremberg"]
[Date "2018.09.16"]
[Round "4"]
[White "Margraf, Dieter"]
[Black "Harder, Dennis"]
[Result "1/2-1/2"]
[WhiteElo "1371"]
[BlackElo "1158"]
[PlyCount "35"]
[EventDate "2018.09.15"]
[EventType "swiss"]
[EventRounds "5"]
[EventCountry "GER"]
[SourceTitle "EXT 2020"]
[Source "ChessBase"]
[SourceDate "2019.10.17"]
[SourceVersion "1"]
[SourceVersionDate "2019.10.17"]
[SourceQuality "1"]

1. d4 d5 2. Bf4 Nf6 3. e3 Bf5 4. Bd3 Bxd3 5. Qxd3 Nc6 6. a3 e6 7. Nf3 Bd6 8. Bxd6 Qxd6 9. Nbd2 0-0 10. 0-0 e5 11. dxe5 Nxe5 12. Nxe5 Qxe5 13. Nf3 Qd6 14. Rfd1 Rfd8 15. Rac1 c6 16. c4 Rac8 17. cxd5 cxd5 18. b4 1/2-1/2

[Event "Arber Seniors op 6th"]
[Site "Bayerisch Eisenstein"]
[Date "2018.08.04"]
[Round "8"]
[White "Thonig, Manfred"]
[Black "Margraf, Dieter"]
[Result "1-0"]
[WhiteElo "1635"]
[BlackElo "1510"]
[PlyCount "97"]
[EventDate "2018.07.28"]
[EventType "swiss"]
[EventRounds "9"]
[EventCountry "GER"]
[SourceTitle "CBM 185 Extra"]
[Source "ChessBase"]
[SourceDate "2018.07.29"]
[SourceVersion "1"]
[SourceVersionDate "2018.07.29"]
[SourceQuality "1"]

1. f4 d5 2. Nf3 Bf5 3. e3 e6 4. Bb5+ c6 5. Be2 Bd6 6. d4 Nf6 7. 0-0 h6 8. Ne5 Nbd7 9. Nd2 0-0 10. b3 Qe7 11. a4 a5 12. Kh1 Bb4 13. Ra2 Nxe5 14. fxe5 Ne4 15. Nxe4 Bxe4 16. Bd3 Qh4 17. Bxe4 Qxe4 18. Rf4 Qh7 19. Qf3 Be7 20. Qg3 Kh8 21. Kg1 g5 22. Rf1 f5 23. exf6 Bxf6 24. Ba3 Rf7 25. Bd6 Qg7 26. c3 Be7 27. Be5 Rxf1+ 28. Kxf1 Bf6 29. Rf2 Bxe5 30. dxe5 Rf8 31. Rxf8+ Qxf8+ 32. Qf3 Qf5 33. Qxf5 exf5 34. Ke2 Kg7 35. Kd3 Kf7 36. c4 Ke6 37. Kd4 dxc4 38. bxc4 b6 39. c5 b5 40. axb5 cxb5 41. c6 a4 42. Kc5 a3 43. c7 Kd7 44. Kb6 a2 45. e6+ Ke7 46. c8Q a1Q 47. Qd7+ Kf6 48. Qf7+ Ke5 49. Qg7+ 1-0

[Event "Arber Seniors op 6th"]
[Site "Bayerisch Eisenstein"]
[Date "2018.08.02"]
[Round "6"]
[White "Schmid, Johann"]
[Black "Margraf, Dieter"]
[Result "1-0"]
[WhiteElo "1886"]
[BlackElo "1510"]
[PlyCount "61"]
[EventDate "2018.07.28"]
[EventType "swiss"]
[EventRounds "9"]
[EventCountry "GER"]
[SourceTitle "CBM 185 Extra"]
[Source "ChessBase"]
[SourceDate "2018.07.29"]
[SourceVersion "1"]
[SourceVersionDate "2018.07.29"]
[SourceQuality "1"]

1. d4 d5 2. Bf4 Bf5 3. c4 e6 4. Qb3 b6 5. e3 Nf6 6. Nf3 Bd6 7. Ne5 Bxe5 8. Bxe5 0-0 9. h3 c6 10. Nc3 dxc4 11. Bxc4 b5 12. Be2 Ne4 13. Nxe4 Bxe4 14. 0-0 Qg5 15. f3 Bd5 16. Qc3 Nd7 17. Bd6 Rfc8 18. e4 Bc4 19. Bxc4 bxc4 20. Qxc4 Nb6 21. Qd3 Rd8 22. f4 Qb5 23. Qxb5 cxb5 24. Bc5 Na4 25. b3 Nxc5 26. dxc5 Rd4 27. Rfd1 Rad8 28. Rxd4 Rxd4 29. c6 Rd8 30. c7 Rc8 31. Rd1 1-0

[Event "Pfarrkirchen Rottal op 2nd"]
[Site "Pfarrkirchen"]
[Date "2018.04.02"]
[Round "7"]
[White "Decker, Werner"]
[Black "Margraf, Dieter"]
[Result "0-1"]
[WhiteElo "2258"]
[BlackElo "1418"]
[PlyCount "30"]
[EventDate "2018.03.30"]
[EventType "swiss"]
[EventRounds "7"]
[EventCountry "GER"]
[SourceTitle "CBM 183 Extra"]
[Source "ChessBase"]
[SourceDate "2018.04.19"]
[SourceVersion "1"]
[SourceVersionDate "2018.04.19"]
[SourceQuality "1"]

1. d4 d5 2. c4 e6 3. Nc3 c6 4. Nf3 Bd6 5. Qc2 Nf6 6. Bd2 Nbd7 7. cxd5 exd5 8. 0-0-0 0-0 9. e3 Qc7 10. h3 b5 11. Bd3 b4 12. Bxh7+ Nxh7 13. Nxd5 cxd5 14. Bxb4 Qxc2+ 15. Kxc2 Bxb4 0-1

[Event "Pfarrkirchen Rottal op 2nd"]
[Site "Pfarrkirchen"]
[Date "2018.04.01"]
[Round "4"]
[White "Bruckbauer, Sebastian"]
[Black "Margraf, Dieter"]
[Result "1-0"]
[WhiteElo "1674"]
[BlackElo "1418"]
[PlyCount "81"]
[EventDate "2018.03.30"]
[EventType "swiss"]
[EventRounds "7"]
[EventCountry "GER"]
[SourceTitle "CBM 183 Extra"]
[Source "ChessBase"]
[SourceDate "2018.04.19"]
[SourceVersion "1"]
[SourceVersionDate "2018.04.19"]
[SourceQuality "1"]

1. e4 d5 2. exd5 Nf6 3. Nf3 Nxd5 4. Nc3 Nxc3 5. bxc3 e6 6. d4 b6 7. a4 a5 8. Ne5 Qf6 9. Bb5+ Bd7 10. Nxd7 Nxd7 11. 0-0 Rd8 12. d5 e5 13. Qg4 h6 14. Re1 Bd6 15. c4 Qg6 16. Qh3 f5 17. Bb2 e4 18. Bd4 0-0 19. Rxe4 fxe4 20. Bxd7 Rxd7 21. Qxd7 Qf7 22. Qxf7+ Rxf7 23. Re1 Re7 24. g3 Kf7 25. Rb1 Be5 26. c3 Bxd4 27. cxd4 e3 28. f3 g5 29. Kf1 Re8 30. Ke2 Kf6 31. Rb3 h5 32. Rxe3 Rxe3+ 33. Kxe3 Kf5 34. h4 gxh4 35. gxh4 Kf6 36. Kf4 Kg6 37. Ke5 Kf7 38. f4 Ke7 39. f5 Kf7 40. f6 Kf8 41. Ke6 1-0

[Event "Oberpfalz-ch M3"]
[Site "Bad Koetzting"]
[Date "2018.03.25"]
[Round "3"]
[White "Voith, Walter"]
[Black "Margraf, Dieter"]
[Result "1-0"]
[WhiteElo "1489"]
[BlackElo "1320"]
[PlyCount "120"]
[EventDate "2018.03.24"]
[EventType "swiss"]
[EventRounds "8"]
[EventCountry "GER"]
[SourceTitle "EXT 2020"]
[Source "ChessBase"]
[SourceDate "2019.10.17"]
[SourceVersion "1"]
[SourceVersionDate "2019.10.17"]
[SourceQuality "1"]

1. e4 d5 2. exd5 Nf6 3. d4 Nxd5 4. c4 Nf6 5. Nc3 e6 6. Nf3 Nc6 7. a3 a6 8. Bg5 h6 9. Bh4 Be7 10. Be2 0-0 11. h3 Nh7 12. Bxe7 Nxe7 13. 0-0 c6 14. Qd2 Qc7 15. Rfd1 Nf6 16. Qc2 Ng6 17. Rd2 Bd7 18. Rad1 Rad8 19. b4 Qb8 20. Ne4 Qf4 21. Nxf6+ Qxf6 22. Qe4 Qf4 23. Qxf4 Nxf4 24. Bf1 b5 25. g3 Nh5 26. Ne5 Nf6 27. Bg2 Rc8 28. d5 exd5 29. cxd5 cxd5 30. Nxd7 Nxd7 31. Rxd5 Nf6 32. Rd6 Rc2 33. Rxa6 Re8 34. Bf3 Ne4 35. Re1 f5 36. Bd1 Rc3 37. f3 Nf6 38. Rxe8+ Nxe8 39. Kf2 Nf6 40. Be2 Rc2 41. g4 fxg4 42. hxg4 Nd5 43. Ke1 Rc3 44. Kf2 Rc8 45. Bxb5 Nc7 46. Rb6 Nxb5 47. Rxb5 Kf7 48. a4 Rc7 49. a5 Ke7 50. Rb6 Kd7 51. b5 Rc5 52. Ke3 h5 53. gxh5 Rxh5 54. f4 Rc5 55. Kf3 g5 56. fxg5 Rxg5 57. Ke4 Rc5 58. Kd4 Rc1 59. Rb7+ Rc7 60. Rxc7+ Kxc7 1-0

[Event "Oberpfalz-ch M2"]
[Site "Windischeschenbach"]
[Date "2017.04.09"]
[Round "4"]
[White "Hessler, Markus"]
[Black "Margraf, Dieter"]
[Result "1-0"]
[WhiteElo "1779"]
[BlackElo "1586"]
[PlyCount "115"]
[EventDate "2017.04.08"]
[EventType "swiss"]
[EventRounds "8"]
[EventCountry "GER"]
[SourceTitle "EXT 2020"]
[Source "ChessBase"]
[SourceDate "2019.10.17"]
[SourceVersion "1"]
[SourceVersionDate "2019.10.17"]
[SourceQuality "1"]

1. c4 Nf6 2. g3 c6 3. Bg2 e6 4. Nf3 d5 5. b3 Bd6 6. 0-0 0-0 7. Bb2 Nbd7 8. d3 Qc7 9. Nbd2 b6 10. Rc1 c5 11. d4 Bb7 12. a3 Rac8 13. cxd5 exd5 14. e3 Qb8 15. Bh3 Rc7 16. dxc5 bxc5 17. Nh4 g6 18. Nhf3 h6 19. Bg2 Ba6 20. Re1 Qb6 21. Ba1 Rb8 22. Qc2 c4 23. b4 Rbc8 24. Qc3 Be7 25. Bh3 Re8 26. Red1 Bb7 27. Bg2 Rc6 28. Bh3 Qd8 29. Nd4 Rc7 30. N4b3 Bd6 31. Nd4 Be5 32. N2f3 Ne4 33. Qe1 Bg7 34. Nb5 Bxa1 35. Nxc7 Qxc7 36. Rxa1 Nef6 37. Rac1 Qc6 38. Bg2 Qe6 39. Qc3 Ne4 40. Qd4 Qb6 41. Qxb6 axb6 42. Nd2 Nxd2 43. Rxd2 Nf6 44. a4 Ba8 45. Rcd1 Kg7 46. h3 h5 47. Ra2 Rc8 48. b5 Rd8 49. Rc2 Rc8 50. Ra1 Rc5 51. Rb2 Bb7 52. Kf1 Bc8 53. Ke1 Bf5 54. a5 c3 55. Rb4 c2 56. Kd2 Ne4+ 57. Bxe4 Bxe4 58. a6 1-0

[Event "Oberpfalz-ch M2"]
[Site "Windischeschenbach"]
[Date "2017.04.09"]
[Round "3"]
[White "Margraf, Dieter"]
[Black "Stoeckl, Maximilian"]
[Result "1/2-1/2"]
[WhiteElo "1586"]
[BlackElo "1514"]
[PlyCount "31"]
[EventDate "2017.04.08"]
[EventType "swiss"]
[EventRounds "8"]
[EventCountry "GER"]
[SourceTitle "EXT 2020"]
[Source "ChessBase"]
[SourceDate "2019.10.17"]
[SourceVersion "1"]
[SourceVersionDate "2019.10.17"]
[SourceQuality "1"]

1. d4 Nf6 2. Bg5 e6 3. e3 b6 4. Nf3 Bb7 5. Bd3 Be7 6. Nbd2 c5 7. c3 d5 8. 0-0 Nbd7 9. Re1 0-0 10. Qe2 Rb8 11. Ne5 h6 12. Bf4 Rc8 13. h3 Re8 14. Bb5 Rf8 15. Nef3 Nb8 16. Bd3 1/2-1/2